000 00497nam a2200169 a 4500
001 000048058
005 20240228103022.0
008 181112s2018 dr 000 spa d
020 _a9789945912357
040 _aDO-SdBNP
_bspa
_cBNPHU
082 _axxx
_bG216t
100 1 _aGarcía Guerra, Iván,
_d1938-
_9144
245 0 _aEn torno a la libertad. /
_cIván García Guerra.
260 _aSan José de las Matas :
_bOPUS,
_c2018.
300 _a545 p. ;
_c24 cm.
590 _aInventariado, 2018 / DG
999 _c47546
_d47546